Je ne dirais rien- Black M parole - Statistiques

Statistiques générales
  • Ce quiz a été pris 173 fois
    150 depuis la dernière actualisation
  • Le résultat moyen est 229 sur 500
Statistiques - réponses
Réponse % Correct
belle,
100%
belle
100%
briller
100%
faire
100%
la
100%
La
100%
ta
100%
T’aimes Refrain (x2)
100%
t’aimes
100%
te
100%
le
99%
les
99%
dirais
98%
je
98%
ne
98%
Ne
98%
night
98%
rien
98%
oui,
97%
Oui
97%
oui
97%
quand
96%
éloges,
95%
que
95%
t’es
94%
T’es
94%
hommes
93%
plus
93%
oh
92%
remarquent
92%
l’on
91%
pense
89%
tu
85%
Tu
85%
a
84%
à
84%
de
81%
De
81%
me
80%
et
79%
pour
77%
Pour
77%
ce
72%
es
72%
fort
71%
pas
71%
un
71%
se
68%
fraîche
67%
(ha
67%
ha!)
67%
haut
67%
est
65%
Est
65%
une
64%
les mecs
62%
toi Couplet 1
62%
sais
61%
sur
61%
Mais
60%
mais
60%
mecs
60%
ça
58%
bien,
57%
bien
57%
des
57%
veux
56%
c’est
55%
C’est
55%
si
53%
seule
52%
clair?
50%
crois
49%
par
49%
à tout
48%
espère
48%
stupid
48%
comme
47%
est-ce
47%
gérer
47%
”pourquoi
47%
pourquoi
47%
t’as
47%
du
46%
meuf
45%
oit,
45%
parce
45%
qu’on
45%
chiens?”
44%
j’trouve
44%
sans
44%
S’comportent
44%
seulement
44%
dis
43%
d’mec
43%
intelligente
42%
L’Everest
42%
plaire
42%
qui
42%
super
42%
tout
42%
Tout
42%
devant
41%
mature
41%
on
41%
Ton
41%
ton
41%
06
40%
gamos,
40%
j’ai
40%
t’prends
40%
prête
39%
tous
39%
j’crois
38%
m’dis
38%
t’enchaînes
38%
canards
37%
dans
37%
duckface
37%
sont
37%
stupide x4
37%
fauchés
36%
indispensable
36%
pertinement
36%
raison
36%
au
35%
laquelle
35%
les gens
35%
présence
34%
ta gueule,
34%
moi
33%
parce que
33%
Sinon
33%
vas
33%
ai
32%
ego
32%
à moitié
31%
dénudée
31%
Les yeux
31%
les yeux
31%
chose
30%
compte
30%
regardes
30%
tes obus
30%
y
30%
impensable
29%
la Clio
29%
OK
29%
princesse
29%
Soit
29%
Surdimensionné
29%
avec
28%
dises
28%
les merveilles
28%
materialiste,
28%
helas,
27%
merite
27%
chaque
26%
dépensable
26%
gros
26%
pass backstage
26%
posé
26%
qu’le
24%
seconde,
24%
t’écoutes
24%
vis
24%
ce monde,
23%
faut
23%
poser
23%
Pourtant
23%
Faire foutre
22%
Une boite
22%
assez bien
21%
C’qui
21%
de haut
21%
Plus Gros
21%
plus gros
21%
si sexy,
21%
t’offre
21%
va te
21%
château de sable
20%
cupide,
20%
donc
20%
Donc
20%
emballées
20%
Faudrait
20%
mes
20%
mon son
20%
pour oit
20%
Sur instagram
20%
arrête
19%
Euh non,
19%
n’est
19%
puis
19%
Black card
18%
l’coup de foudre
18%
Négros
18%
sauvages
18%
15000 abonnés
17%
connu
17%
fuck
17%
j’en
17%
qu’la
17%
qu’le compte
17%
bon coeur
16%
monde
16%
s’il
16%
tes idéaux
16%
un smicard
16%
envie
15%
or
15%
refroidir
15%
yeux
15%
big
14%
Black M!
14%
Cuisses?
14%
toujours
14%
délaissée
13%
bord
12%
gars,
12%
guêpe
12%
la rupture
12%
nouvelle
12%
toute
12%
alors
11%
cousine
11%
l’bac
11%
me supplie
11%
qu’ta copine
11%
taille
11%
t’arrêtes
11%
trop
11%
avion
10%
de jubiler,
10%
genre
10%
guette
10%
les bad boys
10%
quoi
10%
recherché
10%
les beaux
9%
les gavas
9%
M’questionner
9%
piquer
9%
calme!
8%
cambrure
8%
coin
8%
d’chasse
8%
j’suis
8%
mal
8%
mini short
8%
qu’un
8%
salaud
8%
si je
8%
toutes
8%
vire les!
8%
vu
8%
au coin VIP
7%
cé-per
7%
d’soucis
7%
En fin d’vie
7%
froid
7%
ils
7%
juste
7%
Les étapes
7%
même
7%
n’exites
7%
qu’on t’interpelle
7%
supporteront
7%
Tels-hô
7%
vider
7%
vole
7%
y’a
7%
y’a ?
7%
à outrance
6%
ça bosse
6%
dois-je
6%
en banque?
6%
entrée
6%
épargne moi
6%
grands
6%
guettent
6%
la Maybach
6%
miettes
6%
mon compte
6%
par Interpol
6%
sous
6%
t’invites
6%
Bitch,
5%
cash
5%
d’être
5%
est-ce que Couplet 3
5%
façon,
5%
j’étais
5%
la luxure
5%
mis
5%
niggas
5%
peut-être,
5%
qu’tu sautes
5%
sert
5%
tes grosses
5%
tes talons
5%
t’ignorer
5%
voulu
5%
bandits
4%
Carlton
4%
charme
4%
comment
4%
des Louboutins
4%
du sang
4%
laisses
4%
n’me
4%
Pour avoir
4%
simple resto
4%
Tu marcherais
4%
voir
4%
c’maquillage
3%
dessus
3%
fais moi
3%
macho,
3%
qu’ton ventre
3%
suis
3%
tchatche,
3%
tombés
3%
daba
2%
j’me vois
2%
J’te ferais
2%
l’choix
2%
Tu m’reproches
2%
vas-y
2%
vient
2%
après l’butin
1%
tes souffrances
1%
trop courir
1%
Vu que
1%
bête,
0%
celui
0%
indefini, PDG
0%
les bails
0%
nnait-co
0%
un gros spliff
0%
Aucun quiz correspondant
Distribution des résultats
% des personnes avec chaque résultat
Percentile par nombre de réponses
Votre historique - résultats
Vous n’avez pas pris ce quiz depuis la dernière actualisation